| 000 | 00648cam a2200217 a 4500 | ||
|---|---|---|---|
| 001 | 12187042 | ||
| 005 | 20180123093754.0 | ||
| 008 | 000926s1984 caua b 000 0 eng | ||
| 010 | _a 00694528 | ||
| 020 | _a0960695400 (pbk.) | ||
| 040 |
_aDLC _cDLC |
||
| 041 | _aeng | ||
| 080 | _a316 dav | ||
| 100 | 1 | _a50 | |
| 101 | _asoc | ||
| 245 | 1 | 0 |
_aPlease understand me : _cDavid Keirsey, Marilyn Bates. |
| 504 | _aIncludes bibliographical references (p. 209-210). | ||
| 906 |
_a7 _bibc _corigcop _d3 _encip _f20 _gy-gencatlg |
||
| 942 |
_2ddc _cBK |
||
| 999 |
_c40807 _d40807 |
||